<?xml version="1.0" encoding="UTF-8"?>
<record
    xmlns:xsi="http://www.w3.org/2001/XMLSchema-instance"
    xsi:schemaLocation="http://www.loc.gov/MARC21/slim http://www.loc.gov/standards/marcxml/schema/MARC21slim.xsd"
    xmlns="http://www.loc.gov/MARC21/slim">

  <leader>04803namaa22004451i 4500</leader>
  <controlfield tag="003">EG-GICUC</controlfield>
  <controlfield tag="005">20260312101340.0</controlfield>
  <controlfield tag="008">260304s2025    ua a|| frm||| 000 0 eng d</controlfield>
  <datafield tag="040" ind1=" " ind2=" ">
    <subfield code="a">EG-GICUC</subfield>
    <subfield code="b">eng</subfield>
    <subfield code="c">EG-GICUC</subfield>
    <subfield code="d">EG-GICUC</subfield>
    <subfield code="e">rda</subfield>
  </datafield>
  <datafield tag="041" ind1="0" ind2=" ">
    <subfield code="a">eng</subfield>
    <subfield code="b">eng</subfield>
    <subfield code="b">ara</subfield>
  </datafield>
  <datafield tag="049" ind1=" " ind2=" ">
    <subfield code="a">Deposit</subfield>
  </datafield>
  <datafield tag="082" ind1="0" ind2="4">
    <subfield code="a">631.8</subfield>
  </datafield>
  <datafield tag="092" ind1=" " ind2=" ">
    <subfield code="a">631.8</subfield>
    <subfield code="2">21</subfield>
  </datafield>
  <datafield tag="097" ind1=" " ind2=" ">
    <subfield code="a">M.Sc</subfield>
  </datafield>
  <datafield tag="099" ind1=" " ind2=" ">
    <subfield code="a">Cai01.07.14.M.Sc.2025.Al.E</subfield>
  </datafield>
  <datafield tag="100" ind1="0" ind2=" ">
    <subfield code="a">Alzahraa Mohsen Abd El-wahab,  </subfield>
    <subfield code="e">preparation.</subfield>
  </datafield>
  <datafield tag="245" ind1="1" ind2="0">
    <subfield code="a">Effect of some organic and mineral fertilizer on growth and  productivity of foundation potato seeds produced in vitro /</subfield>
    <subfield code="c">by Alzahraa Mohsen Abd El-wahab ; Supervisors Dr. Sahar Sameh Taha, Dr. Ahmed Abdel-Wahab Ahmed, Dr. Ahmed Mohamed Magdy Gabr. </subfield>
  </datafield>
  <datafield tag="246" ind1="1" ind2="5">
    <subfield code="a">&#x62A;&#x623;&#x62B;&#x64A;&#x631; &#x628;&#x639;&#x636; &#x627;&#x644;&#x627;&#x633;&#x645;&#x62F;&#x629; &#x627;&#x644;&#x639;&#x636;&#x648;&#x64A;&#x629; &#x648;&#x627;&#x644;&#x645;&#x639;&#x62F;&#x646;&#x64A;&#x629; &#x639;&#x644;&#x649; &#x646;&#x645;&#x648; &#x648;&#x627;&#x646;&#x62A;&#x627;&#x62C;&#x64A;&#x629; &#x62A;&#x642;&#x627;&#x648;&#x64A; &#x627;&#x644;&#x627;&#x633;&#x627;&#x633; &#x641;&#x64A; &#x627;&#x644;&#x628;&#x637;&#x627;&#x637;&#x633; &#x627;&#x644;&#x646;&#x627;&#x62A;&#x62C;&#x629; &#x645;&#x639;&#x645;&#x644;&#x64A;&#x627;</subfield>
  </datafield>
  <datafield tag="264" ind1=" " ind2="0">
    <subfield code="c">2025.</subfield>
  </datafield>
  <datafield tag="300" ind1=" " ind2=" ">
    <subfield code="a">109 pages : </subfield>
    <subfield code="b">illustrations ;</subfield>
    <subfield code="c">25 cm. + </subfield>
    <subfield code="e">CD.</subfield>
  </datafield>
  <datafield tag="336" ind1=" " ind2=" ">
    <subfield code="a">text</subfield>
    <subfield code="2">rda content</subfield>
  </datafield>
  <datafield tag="337" ind1=" " ind2=" ">
    <subfield code="a">Unmediated</subfield>
    <subfield code="2">rdamedia</subfield>
  </datafield>
  <datafield tag="338" ind1=" " ind2=" ">
    <subfield code="a">volume</subfield>
    <subfield code="2">rdacarrier</subfield>
  </datafield>
  <datafield tag="502" ind1=" " ind2=" ">
    <subfield code="a">Thesis (M.Sc)-Cairo University, 2025.</subfield>
  </datafield>
  <datafield tag="504" ind1=" " ind2=" ">
    <subfield code="a">Bibliography: pages 83-108. </subfield>
  </datafield>
  <datafield tag="520" ind1=" " ind2="3">
    <subfield code="a">This study was conducted to evaluate whether organic fertilization 
alone or with some ameliorative substances could replace mineral 
fertilization in minituber potato production to increase the quantity and 
quality of two cultivars (Cara and Hermes) of potato minituber produced 
from in vitro. Two pots experiments were conducted at the greenhouse of 
the Regional Research Center located in New Vally Governorate during the 
winter seasons of 2021/2022 and 2022/2023 in Egypt. The experiment 
included twelve treatments: 1- 100% compost; 2- 100% seaweed; 3- 100% 
compost + vinase; 4- 100%seaweed +vinase; 5- 50%compost +50% NPK; 
6- 50%seaweed +50%NPK; 7- 25%compost +75% NPK + vinase; 8- 
25%seaweed +75%NPK+Vinase; 9-75 kg K2O/ fed; 10-100kg K2O / fed; 
11- 120kg K2O/ fed and 12-25%compost+75 % NPK (control). The 
treatments were arranged in completely randomized blocks design with three 
replicates. The results indicated that plant height, average minituber weight, 
minituber weight/pot and starch % in both seasons, chlorophyll reading in 
the first season as well as leave area in the second season were significantly 
higher in Cara cultivar than Hermes cultivar, whereas shoot weight in both 
seasons, chlorophyll reading in the second season as well as stem number of 
potato plant only in the first season were significantly higher in Hermes 
cultivar than Cara cultivar. On the other hand, the treatment of 120 kg K2O 
caused a significant increment of plant height, leaf area, shoot weight, stem 
number starch % and chlorophyll reading, 90 DAP, followed by 100 kg K2O. 
Moreover, the mixture among 25% compost+ 75%NPK + vinase gave the 
highest values of tubers number, average minituber weight and minituber 
weight/pot. </subfield>
  </datafield>
  <datafield tag="520" ind1=" " ind2="3">
    <subfield code="a">&#x647;&#x62F;&#x641;&#x62A; &#x627;&#x644;&#x62F;&#x631;&#x627;&#x633;&#x629; &#x625;&#x644;&#x649; &#x62A;&#x642;&#x64A;&#x64A;&#x645; &#x627;&#x633;&#x62A;&#x628;&#x62F;&#x627;&#x644; &#x627;&#x644;&#x62A;&#x633;&#x645;&#x64A;&#x62F; &#x627;&#x644;&#x645;&#x639;&#x62F;&#x646;&#x64A; &#x628;&#x627;&#x644;&#x62A;&#x633;&#x645;&#x64A;&#x62F; &#x627;&#x644;&#x639;&#x636;&#x648;&#x64A; &#x623;&#x648; &#x628;&#x645;&#x632;&#x64A;&#x62C; &#x645;&#x646; &#x627;&#x644;&#x645;&#x648;&#x627;&#x62F; &#x627;&#x644;&#x645;&#x64F;&#x62D;&#x633;&#x651;&#x646;&#x629; (&#x645;&#x62B;&#x644; &#x627;&#x644;&#x641;&#x64A;&#x646;&#x627;&#x633;) &#x644;&#x625;&#x646;&#x62A;&#x627;&#x62C; &#x62F;&#x631;&#x646;&#x627;&#x62A; &#x628;&#x637;&#x627;&#x637;&#x633; &#x635;&#x63A;&#x64A;&#x631;&#x629; &#x644;&#x635;&#x646;&#x641;&#x64A; "&#x643;&#x627;&#x631;&#x627;" &#x648;"&#x647;&#x64A;&#x631;&#x645;&#x64A;&#x633;" &#x645;&#x646; &#x627;&#x644;&#x645;&#x632;&#x627;&#x631;&#x639; &#x627;&#x644;&#x646;&#x633;&#x64A;&#x62C;&#x64A;&#x629;. &#x623;&#x64F;&#x62C;&#x631;&#x64A;&#x62A; &#x627;&#x644;&#x62A;&#x62C;&#x631;&#x628;&#x629; &#x62F;&#x627;&#x62E;&#x644; &#x635;&#x648;&#x628; &#x628;&#x645;&#x62D;&#x627;&#x641;&#x638;&#x629; &#x627;&#x644;&#x648;&#x627;&#x62F;&#x64A; &#x627;&#x644;&#x62C;&#x62F;&#x64A;&#x62F; &#x62E;&#x644;&#x627;&#x644; &#x645;&#x648;&#x633;&#x645;&#x64A; 2021/2022 &#x648;2022/2023&#x60C; &#x648;&#x634;&#x645;&#x644;&#x62A; 12 &#x645;&#x639;&#x627;&#x645;&#x644;&#x629; &#x645;&#x62E;&#x62A;&#x644;&#x641;&#x629; &#x628;&#x64A;&#x646; &#x627;&#x644;&#x62A;&#x633;&#x645;&#x64A;&#x62F; &#x627;&#x644;&#x639;&#x636;&#x648;&#x64A; &#x648;&#x627;&#x644;&#x645;&#x639;&#x62F;&#x646;&#x64A; &#x648;&#x645;&#x62D;&#x633;&#x646;&#x627;&#x62A; &#x627;&#x644;&#x646;&#x645;&#x648;. &#x623;&#x638;&#x647;&#x631;&#x62A; &#x627;&#x644;&#x646;&#x62A;&#x627;&#x626;&#x62C; &#x62A;&#x641;&#x648;&#x642; &#x627;&#x644;&#x635;&#x646;&#x641; "&#x643;&#x627;&#x631;&#x627;" &#x645;&#x646; &#x62D;&#x64A;&#x62B; &#x635;&#x641;&#x627;&#x62A; &#x627;&#x644;&#x62F;&#x631;&#x646;&#x629; &#x648;&#x627;&#x644;&#x646;&#x634;&#x627;&#x60C; &#x628;&#x64A;&#x646;&#x645;&#x627; &#x627;&#x645;&#x62A;&#x627;&#x632; "&#x647;&#x64A;&#x631;&#x645;&#x64A;&#x633;" &#x641;&#x64A; &#x627;&#x644;&#x646;&#x645;&#x648; &#x627;&#x644;&#x62E;&#x636;&#x631;&#x64A;. &#x648;&#x62D;&#x642;&#x642;&#x62A; &#x645;&#x639;&#x627;&#x645;&#x644;&#x629; &#x662;&#x665;&#x66A; &#x633;&#x645;&#x627;&#x62F; &#x639;&#x636;&#x648;&#x64A; + &#x667;&#x665;&#x66A; NPK + &#x641;&#x64A;&#x646;&#x627;&#x633; &#x623;&#x639;&#x644;&#x649; &#x625;&#x646;&#x62A;&#x627;&#x62C;&#x64A;&#x629; &#x648;&#x62C;&#x648;&#x62F;&#x629;. &#x62A;&#x64F;&#x648;&#x635;&#x64A; &#x627;&#x644;&#x62F;&#x631;&#x627;&#x633;&#x629; &#x628;&#x627;&#x633;&#x62A;&#x62E;&#x62F;&#x627;&#x645; &#x62A;&#x644;&#x643; &#x627;&#x644;&#x62A;&#x631;&#x643;&#x64A;&#x628;&#x629; &#x644;&#x62A;&#x62D;&#x633;&#x64A;&#x646; &#x625;&#x646;&#x62A;&#x627;&#x62C; &#x627;&#x644;&#x628;&#x637;&#x627;&#x637;&#x633; &#x648;&#x62A;&#x642;&#x644;&#x64A;&#x644; &#x627;&#x644;&#x627;&#x639;&#x62A;&#x645;&#x627;&#x62F; &#x639;&#x644;&#x649; &#x627;&#x644;&#x62A;&#x633;&#x645;&#x64A;&#x62F; &#x627;&#x644;&#x645;&#x639;&#x62F;&#x646;&#x64A;</subfield>
  </datafield>
  <datafield tag="530" ind1=" " ind2=" ">
    <subfield code="a">Issues also as CD.</subfield>
  </datafield>
  <datafield tag="546" ind1=" " ind2=" ">
    <subfield code="a">Text in English and abstract in Arabic &amp; English.</subfield>
  </datafield>
  <datafield tag="650" ind1=" " ind2="0">
    <subfield code="a">Fertilizer</subfield>
  </datafield>
  <datafield tag="650" ind1=" " ind2="0">
    <subfield code="a">&#x627;&#x644;&#x623;&#x633;&#x645;&#x62F;&#x629; </subfield>
  </datafield>
  <datafield tag="653" ind1=" " ind2="1">
    <subfield code="a">Solanum tuberosum</subfield>
    <subfield code="a">compost </subfield>
    <subfield code="a">seaweed </subfield>
    <subfield code="a">vinasse </subfield>
    <subfield code="a">potassium</subfield>
    <subfield code="a">growth </subfield>
    <subfield code="a">yield</subfield>
    <subfield code="a">&#x628;&#x637;&#x627;&#x637;&#x633;</subfield>
    <subfield code="a">&#x633;&#x645;&#x627;&#x62F; &#x628;&#x648;&#x62A;&#x627;&#x633;&#x64A;</subfield>
  </datafield>
  <datafield tag="700" ind1="0" ind2=" ">
    <subfield code="a">Sahar Sameh Taha</subfield>
    <subfield code="e">thesis advisor.</subfield>
  </datafield>
  <datafield tag="700" ind1="0" ind2=" ">
    <subfield code="a">Ahmed Abdel-Wahab Ahmed</subfield>
    <subfield code="e">thesis advisor.</subfield>
  </datafield>
  <datafield tag="700" ind1="0" ind2=" ">
    <subfield code="a">Ahmed Mohamed Magdy Gabr</subfield>
    <subfield code="e">thesis advisor.</subfield>
  </datafield>
  <datafield tag="900" ind1=" " ind2=" ">
    <subfield code="b">01-01-2025</subfield>
    <subfield code="c">Sahar Sameh Taha</subfield>
    <subfield code="c">Ahmed Abdel-Wahab Ahmed</subfield>
    <subfield code="c">Ahmed Mohamed Magdy Gabr</subfield>
    <subfield code="d">Ibrahim Abdel Maksoud Ibrahim</subfield>
    <subfield code="d">Mohamed Mohamed Shahein</subfield>
    <subfield code="U">Cairo University</subfield>
    <subfield code="F">Faculty of Agriculture</subfield>
    <subfield code="D">Department of Vegetable Crops </subfield>
  </datafield>
  <datafield tag="905" ind1=" " ind2=" ">
    <subfield code="a">Shimaa</subfield>
    <subfield code="e">Eman Ghareb</subfield>
  </datafield>
  <datafield tag="942" ind1=" " ind2=" ">
    <subfield code="2">ddc</subfield>
    <subfield code="c">TH</subfield>
    <subfield code="e">21</subfield>
    <subfield code="n">0</subfield>
  </datafield>
  <datafield tag="999" ind1=" " ind2=" ">
    <subfield code="c">178879</subfield>
  </datafield>
  <datafield tag="952" ind1=" " ind2=" ">
    <subfield code="2">ddc</subfield>
    <subfield code="9">315542</subfield>
    <subfield code="a">CUCL</subfield>
    <subfield code="b">cl210</subfield>
    <subfield code="d">2026-03-04</subfield>
    <subfield code="i">93488</subfield>
    <subfield code="o">Cai01.07.14.M.Sc.2025.Al.E</subfield>
    <subfield code="p">01010110093488000</subfield>
    <subfield code="r">2026-03-04 23:29:29</subfield>
    <subfield code="w">2026-03-04</subfield>
    <subfield code="y">TH</subfield>
  </datafield>
</record>
